Κωνσταντίνος Καραθεοδωρή : ο μεγάλος έλληνας μαθηματικός που ενέπνευσε τον Αϊνστάιν
Αποθηκεύτηκε σε:
| Άλλοι συγγραφείς: | , |
|---|---|
| Μορφή: | Βιβλίο |
| Γλώσσα: | Greek |
| Δημοσίευση: |
Αθήνα :
Τράπεζα Πειραιώς,
2002.
|
| Θέματα: | |
| Ετικέτες: |
Προσθήκη ετικέτας
Δεν υπάρχουν, Καταχωρήστε ετικέτα πρώτοι!
|
MARC
| LEADER | 00000nam a2200000 a 4500 | ||
|---|---|---|---|
| 001 | 1/126025 | ||
| 008 | 230126r2002 gr | ||| |||| ||gre|| | ||
| 040 | |a GR-MyUa |b gre |c GR-MyUa |e AACR2 | ||
| 041 | 0 | |a gre | |
| 082 | 7 | |a 510.92 |2 (23) | |
| 245 | 1 | 0 | |a Κωνσταντίνος Καραθεοδωρή : |b ο μεγάλος έλληνας μαθηματικός που ενέπνευσε τον Αϊνστάιν / |c εισαγωγή και επιμέλεια Σταύρος Θεοφανίδης ; πρόλογος Μιχάλη Γ. Σάλλα. |
| 260 | |a Αθήνα : |b Τράπεζα Πειραιώς, |c 2002. | ||
| 300 | |a 159 σ. ; |c 24 εκ. | ||
| 504 | |a Περιέχει ευρετήριο. | ||
| 600 | 1 | 0 | |a Carathéodory, Constantin, |d 1873-1950. |
| 650 | 0 | |a Mathematicians |z Greece. | |
| 700 | 1 | |a Θεοφανίδης, Σταύρος, |e aui |e edt | |
| 700 | 1 | |a Σαλλάς, Μιχάλης Γ. |e aui | |
| 852 | |a INST |b SAMOS |e 20230126 |h 510.92 ΚΩΝ |p 005300047351 |q 005300047351 |t BK |y 0 | ||
| 970 | |a Γουβάλα |b Βάσω |z 26-01-2023 | ||